| 000 | 06014cam a22017774i 4500 | ||
|---|---|---|---|
| 003 | PE-LiUPU | ||
| 005 | 20250813165736.0 | ||
| 008 | 150706s2005 sp a r 000 0 spa d | ||
| 020 | _a8479034831 | ||
| 020 | _a9788479034832 | ||
| 035 | _a(Sirsi) i9788479034832 | ||
| 040 |
_aPE-LiUPU _bspa _cPE-LiUPU _dPE-LiUPU _erda |
||
| 049 | _aPRUA | ||
| 082 | 0 | 4 |
_a616.056 _bR91 _221 |
| 100 | 1 |
_aRubio Herrera, M. A., _eautor. |
|
| 245 | 1 | 0 |
_aManual de obesidad mórbida / _cM. A. Rubio Herrera. |
| 264 | 1 |
_aMadrid : _bMédica Panamericana, _c[2005]. |
|
| 300 |
_a459 páginas : _bilustraciones ; _c24 centímetros |
||
| 336 |
_atext _2rdacontent |
||
| 337 |
_aunmediated _2rdamedia |
||
| 338 |
_avolume _2rdacarrier |
||
| 505 | 0 | _aLa evolución del hombre hacia la obesidad extrema -- La obesidad a través de la historia -- Psicología del paciente con obesidad grave -- Epidemiología de la obesidad mórbida en España -- regulación central del apetito y control adipocitario -- Genética de la obesidad mórbida -- Composición corporal en la obesidad mórbida -- Impacto de las comorbilidades en la obesidad mórbida -- Obesidad y riesgo cardiovascular -- Trastornos respiratorios asociados a la obesidad mórbida -- Esteatohepatitis no alcohólica y obesidad -- Estrategias dietéticas en la obesidad mórbida -- Dietas de muy bajo contenido calórico -- Tratamiento farmacológico en la obesidad mórbida -- Ejercicio físico en la obesidad mórbida -- Evolución histórica de la cirugía de la obesidad -- Justificación de la cirugía de la obesidad y condiciones necesarias para llevarla a cabo -- Evaluación preoperatoria. consentimiento informado -- Evaluación psiquiátrica del paciente con obesidad mórbida -- Valoración y tratamiento anestésico de la obesidad mórbida -- Técnicas restrictivas (1): gastroplastias -- Técnicas restrictivas (2): bandaje gástrico -- Técnicas derivativas: bypass gástrico -- Procedimientos malabsortivos (1): derivación biliopancreática (la técnica de scopinaro frente a la técnica de larrad) -- Procedimientos malabsortivos (2): cruce duodenal -- Cirugía de reconversión -- Pautas alimentarias postcirugía bariátrica -- Prevención y manejo de las deficiencias nutricionales tras la cirugía bariátrica -- Reeducación nutricional y cambios en el estilo de vida del paciente candidato a cirugía de la obesidad -- Pautas de seguimiento y criterios de evaluación del éxito a largo plazo tras la cirugía -- Evolución de las comorbilidades tras cirugía bariátrica -- Hormonas gastrointestinales, obesidad y cirugía bariátrica -- Cirugía plástica tras la pérdida de peso -- Balón intragástrico -- Marcapasos gástrico -- Tratamiento de la obesidad infantojuvenil -- Tratamiento de la obesidad mórbida en el anciano -- Soporte nutricional y Desnutrición en la Obesidad Mórbida en situación de Estrés. | |
| 526 | _aP203 | ||
| 526 | _aP200 | ||
| 526 | _aSEG65 | ||
| 526 | _aSEG64 | ||
| 526 | _aSEG63 | ||
| 526 | _aSEG62 | ||
| 526 | _aSEG61 | ||
| 526 | _aSEG60 | ||
| 526 | _aSEG59 | ||
| 526 | _aSEG58 | ||
| 526 | _aSEG57 | ||
| 526 | _aSEG56 | ||
| 526 | _aSEG55 | ||
| 526 | _aSEG54 | ||
| 526 | _aSEG53 | ||
| 526 | _aSEG52 | ||
| 526 | _aSEG51 | ||
| 526 | _aSEG50 | ||
| 526 | _aSEG49 | ||
| 526 | _aSEG48 | ||
| 526 | _aSEG47 | ||
| 526 | _aSEG46 | ||
| 526 | _aSEG24 | ||
| 526 | _aSEG23 | ||
| 526 | _aSEG22 | ||
| 526 | _aSEG21 | ||
| 526 | _aSEG20 | ||
| 526 | _aSEG19 | ||
| 526 | _aSEG18 | ||
| 526 | _aSEG17 | ||
| 526 | _aSEG16 | ||
| 526 | _aSEG14 | ||
| 526 | _aSEG13 | ||
| 526 | _aSEG12 | ||
| 526 | _aSEG11 | ||
| 526 | _aSEG10 | ||
| 526 | _aSEG09 | ||
| 526 | _aSEG06 | ||
| 526 | _aSEG05 | ||
| 526 | _aSEG04 | ||
| 526 | _aSEG03 | ||
| 526 | _aSEG02 | ||
| 526 | _aSEG68 | ||
| 526 | _aSEG66 | ||
| 526 | _aSEG45 | ||
| 526 | _aSEG25 | ||
| 526 | _aSEG01 | ||
| 526 | _aP163 | ||
| 526 | _aP162 | ||
| 526 | _aP161 | ||
| 526 | _aP160 | ||
| 526 | _aP159 | ||
| 526 | _aP158 | ||
| 526 | _aP157 | ||
| 526 | _aP156 | ||
| 526 | _aP155 | ||
| 526 | _aP154 | ||
| 526 | _aP153 | ||
| 526 | _aP152 | ||
| 526 | _aP151 | ||
| 526 | _aP150 | ||
| 526 | _aP149 | ||
| 526 | _aP142 | ||
| 526 | _aP141 | ||
| 526 | _aP140 | ||
| 526 | _aP139 | ||
| 526 | _aP138 | ||
| 526 | _aP137 | ||
| 526 | _aP132 | ||
| 526 | _aP131 | ||
| 526 | _aP130 | ||
| 526 | _aP126 | ||
| 526 | _aP125 | ||
| 526 | _aP124 | ||
| 526 | _aP123 | ||
| 526 | _aP115 | ||
| 526 | _aP122 | ||
| 526 | _aP121 | ||
| 526 | _aP116 | ||
| 526 | _a P114 | ||
| 526 | _aP112 | ||
| 526 | _aP111 | ||
| 526 | _aP104 | ||
| 526 | _aP103 | ||
| 526 | _aP102 | ||
| 526 | _aP101 | ||
| 526 | _aP100 | ||
| 526 | _aP96 | ||
| 526 | _aP95 | ||
| 526 | _aP93 | ||
| 526 | _aP92 | ||
| 526 | _aP91 | ||
| 526 | _aP88 | ||
| 526 | _aP83 | ||
| 526 | _aP82 | ||
| 526 | _aP79 | ||
| 526 | _aP78 | ||
| 526 | _aP75 | ||
| 526 | _aP74 | ||
| 526 | _aP71 | ||
| 526 | _aP69 | ||
| 526 | _a P51 | ||
| 526 | _aP49 | ||
| 526 | _aP48 | ||
| 526 | _aP47 | ||
| 526 | _aP33 | ||
| 526 | _aP31 | ||
| 526 | _a P30 | ||
| 526 | _aP29 | ||
| 526 | _aP27 | ||
| 526 | _aP26 | ||
| 526 | _aP25 | ||
| 526 | _aP24 | ||
| 526 | _a P22 | ||
| 526 | _aP10 | ||
| 526 | _aP09 | ||
| 526 | _a P08 | ||
| 526 | _aP06 | ||
| 526 | _aP05 | ||
| 526 | _aP04 | ||
| 526 | _aP01 | ||
| 541 | _g015-0010421; | ||
| 650 | 0 | 4 | _aObesidad mórbida. |
| 942 |
_2ddc _cBOOK |
||
| 949 |
_a616.056 R91 _wDEWEY _c1 _i59735 _lCCODEBUL1 _mBUL _p77.00 _r0 _sY _tBOOK _u2015-7-6 _xSALUD _PP22 _0COMPRA _o.STAFF. Colección Ciencias de la Salud |
||
| 994 |
_aC0 _bPEPRU |
||
| 596 | _a1 | ||
| 999 |
_a616.056 R91 _wDEWEY _c49277 _i59735 _d49277 _e2018-11-7 _f2021-11-4 _g6 _lCCODEBUL1 _mBUL _n2 _p77.00 _r0 _sY _tBOOK _u2015-7-6 _xSALUD _zP22 _0COMPRA _o.STAFF. Colección Ciencias de la Salud |
||
| 980 |
_81 _gALBERTO SANCHEZ Responsable de Automatización |
||